<?xml version="1.0" encoding="UTF-8"?>
<collection xmlns="http://www.loc.gov/MARC21/slim">
 <record>
  <leader>02179nam a22002657a 4500</leader>
  <controlfield tag="001">NCT_45491</controlfield>
  <controlfield tag="008">171113b        xxu||||| |||| 00| 0 vie d</controlfield>
  <datafield tag="999" ind1=" " ind2=" ">
   <subfield code="c">2175</subfield>
   <subfield code="d">2175</subfield>
  </datafield>
  <datafield tag="020" ind1=" " ind2=" ">
   <subfield code="c">52000</subfield>
  </datafield>
  <datafield tag="082" ind1="0" ind2="4">
   <subfield code="2">23nd ed.</subfield>
   <subfield code="a">005.74</subfield>
   <subfield code="b">M103/T.2</subfield>
  </datafield>
  <datafield tag="100" ind1="1" ind2=" ">
   <subfield code="a">Nguyễn Thị Ngọc Mai</subfield>
  </datafield>
  <datafield tag="245" ind1="1" ind2="0">
   <subfield code="a">Lý thuyết Cơ sở dữ liệu</subfield>
   <subfield code="n">Tập 2</subfield>
   <subfield code="c">Nguyễn Thị Ngọc Mai, Nguyễn Thị Kim Trang, Đoàn Thiện Ngân (hiệu đính)</subfield>
  </datafield>
  <datafield tag="260" ind1=" " ind2=" ">
   <subfield code="a">H.</subfield>
   <subfield code="b">Lao Động - Xã Hội</subfield>
   <subfield code="c">2007</subfield>
  </datafield>
  <datafield tag="300" ind1=" " ind2=" ">
   <subfield code="a">235 tr.</subfield>
   <subfield code="b">Minh họa</subfield>
   <subfield code="c">24cm</subfield>
  </datafield>
  <datafield tag="520" ind1="3" ind2=" ">
   <subfield code="a">﻿Hầu hết các chương trình mà bạn đang sử dụng đều cung cấp các ví dụ về cấu trúc dữ liệu mà bạn có thể chép hoặc thay đổi nó cho phù hợp với nhu cầu của bạn. Tuy nhiên bạn nên biết CSDL là gì? Làm thế nào để thiết lập một mô hình dữ liệu cho đúng và phù hợp với thực tế? Sách trình bài phần lý thuyết về CSDL của Oracle 8i, SQL2, SQL3 và Microsoft SQL Server 2000 cũng như Microsoft Access 2003.</subfield>
  </datafield>
  <datafield tag="653" ind1=" " ind2=" ">
   <subfield code="a">Công nghệ thông tin</subfield>
  </datafield>
  <datafield tag="700" ind1="1" ind2=" ">
   <subfield code="a">Nguyễn Thị Kim Trang</subfield>
  </datafield>
  <datafield tag="700" ind1="1" ind2=" ">
   <subfield code="a">Đoàn Thiện Ngân</subfield>
   <subfield code="e">Hiệu đính</subfield>
  </datafield>
  <datafield tag="942" ind1=" " ind2=" ">
   <subfield code="2">ddc</subfield>
   <subfield code="c">BK</subfield>
  </datafield>
  <datafield tag="952" ind1=" " ind2=" ">
   <subfield code="0">0</subfield>
   <subfield code="1">0</subfield>
   <subfield code="2">ddc</subfield>
   <subfield code="4">0</subfield>
   <subfield code="6">005_740000000000000_M103_T_2</subfield>
   <subfield code="7">0</subfield>
   <subfield code="9">13168</subfield>
   <subfield code="a">000001</subfield>
   <subfield code="b">000001</subfield>
   <subfield code="d">2018-08-09</subfield>
   <subfield code="o">005.74 M103/T.2</subfield>
   <subfield code="p">MD.02223</subfield>
   <subfield code="r">2018-08-09</subfield>
   <subfield code="v">52000.00</subfield>
   <subfield code="w">2018-08-09</subfield>
   <subfield code="y">BK</subfield>
  </datafield>
  <datafield tag="952" ind1=" " ind2=" ">
   <subfield code="0">0</subfield>
   <subfield code="1">0</subfield>
   <subfield code="2">ddc</subfield>
   <subfield code="4">0</subfield>
   <subfield code="6">005_740000000000000_M103_T_2</subfield>
   <subfield code="7">0</subfield>
   <subfield code="9">13169</subfield>
   <subfield code="a">000001</subfield>
   <subfield code="b">000001</subfield>
   <subfield code="d">2018-08-09</subfield>
   <subfield code="o">005.74 M103/T.2</subfield>
   <subfield code="p">MD.02224</subfield>
   <subfield code="r">2018-08-09</subfield>
   <subfield code="v">52000.00</subfield>
   <subfield code="w">2018-08-09</subfield>
   <subfield code="y">BK</subfield>
  </datafield>
  <datafield tag="952" ind1=" " ind2=" ">
   <subfield code="0">0</subfield>
   <subfield code="1">0</subfield>
   <subfield code="2">ddc</subfield>
   <subfield code="4">0</subfield>
   <subfield code="6">005_740000000000000_M103_T_2</subfield>
   <subfield code="7">0</subfield>
   <subfield code="9">13170</subfield>
   <subfield code="a">000001</subfield>
   <subfield code="b">000001</subfield>
   <subfield code="d">2018-08-09</subfield>
   <subfield code="o">005.74 M103/T.2</subfield>
   <subfield code="p">MD.02225</subfield>
   <subfield code="r">2018-08-09</subfield>
   <subfield code="v">52000.00</subfield>
   <subfield code="w">2018-08-09</subfield>
   <subfield code="y">BK</subfield>
  </datafield>
  <datafield tag="952" ind1=" " ind2=" ">
   <subfield code="0">0</subfield>
   <subfield code="1">0</subfield>
   <subfield code="2">ddc</subfield>
   <subfield code="4">0</subfield>
   <subfield code="6">005_740000000000000_M103_T_2</subfield>
   <subfield code="7">0</subfield>
   <subfield code="9">13171</subfield>
   <subfield code="a">000001</subfield>
   <subfield code="b">000001</subfield>
   <subfield code="d">2018-08-09</subfield>
   <subfield code="o">005.74 M103/T.2</subfield>
   <subfield code="p">MD.02226</subfield>
   <subfield code="r">2018-08-09</subfield>
   <subfield code="v">52000.00</subfield>
   <subfield code="w">2018-08-09</subfield>
   <subfield code="y">BK</subfield>
  </datafield>
  <datafield tag="952" ind1=" " ind2=" ">
   <subfield code="0">0</subfield>
   <subfield code="1">0</subfield>
   <subfield code="2">ddc</subfield>
   <subfield code="4">0</subfield>
   <subfield code="6">005_740000000000000_M103_T_2</subfield>
   <subfield code="7">0</subfield>
   <subfield code="9">13172</subfield>
   <subfield code="a">000001</subfield>
   <subfield code="b">000001</subfield>
   <subfield code="d">2018-08-09</subfield>
   <subfield code="o">005.74 M103/T.2</subfield>
   <subfield code="p">MD.02227</subfield>
   <subfield code="r">2018-08-09</subfield>
   <subfield code="v">52000.00</subfield>
   <subfield code="w">2018-08-09</subfield>
   <subfield code="y">BK</subfield>
  </datafield>
  <datafield tag="980" ind1=" " ind2=" ">
   <subfield code="a">Thư viện Trường Đại học Nam Cần Thơ</subfield>
  </datafield>
 </record>
</collection>
